000 00696nam a2200205Ia 4500
003 OSt
005 20251023141431.0
008 Pun
037 _cTB
040 _aARTS
_cARTS
_bPun
041 _2Pun
_aPun
084 _aO152,1H77:g 153P4
_qAL
100 _aਸਿੰਗਲ, ਧਰਮਪਾਲ
_9156318
245 0 _aਗੁਰੂ ਰਵਿਦਾਸ * ਜੀਵਨ, ਦਰFਨ ਅਤੇ ਰਹੱਸ
260 _aਜਲੰਧਰ:
_bਦੀਪਕ ਪਬਲੀFਰਗ਼,
_c2004.
300 _a152ਪੰ
_ccm.
650 _aਪੰਜਾਬੀ ਸਾਹਿਤ
_9849311
942 _hO153,1H77:g 153P4
_cTB
_2CC
_n0
999 _c368369
_d368369